000 00376nam a2200133Ia 4500
008 240624s9999 xx 000 0 und d
041 _aeng
082 _a658.456 HBR
100 _aHARVARD BUSINESS
245 _aRUNNING MEETINGS LEAD WITH CONFIDENCE MO
260 _c2014
_aNew Delhi
_bHarvard Business Review Press
300 _aviii, : 116 : p. : cm. ; 17
365 _cRS
_b38
999 _c28377
_d28377